000 00275nam a2200121Ia 4500
008 211105s9999 xx 000 0 und d
020 _aVYASA16533
100 _aDasgupta Sn
245 0 _aYoga Philosophy
250 _a5th
260 _bmotilal Banarsidass
_c\N
300 _a380
999 _c10517
_d10517